书目信息 |
| 题名: |
全球化语境中的异音
|
|
| 作者: | 王丽华 主编 | |
| 分册: | ||
| 出版信息: | 北京 北京大学出版社 2008.03 |
|
| 页数: | 11,194页 | |
| 开本: | 23cm | |
| 丛书名: | 文化理论丛书 | |
| 单 册: | ||
| 中图分类: | D440 | |
| 科图分类: | ||
| 主题词: | 女权运动--研究 , 女权运动 | |
| 电子资源: | ||
| ISBN: | 978-7-301-13484-9 | |
| 000 | 01030oam2 2200277 450 | |
| 001 | 010300000573 | |
| 005 | 20091207103549.84 | |
| 010 | @a978-7-301-13484-9@dCNY26.00 | |
| 100 | @a20080421d2008 em y0chiy0110 ea | |
| 101 | 0 | @achi@eeng |
| 102 | @aCN@b110000 | |
| 105 | @aa z 000yy | |
| 106 | @ar | |
| 200 | 1 | @a全球化语境中的异音@9quan qiu hua yu jing zhong de yi yin@e女性主义批判@f王丽华主编 |
| 210 | @a北京@c北京大学出版社@d2008.03 | |
| 215 | @a11,194页@c图@d23cm | |
| 225 | 2 | @a文化理论丛书 |
| 330 | @a这是第一本在中国出版的由海内外华人女性主义学者对全球化语境发出强大“异音”的著作。主要内容包括:发展与帝国——女性主义后发展对全球化理论的定论、新自由主义——美国经济全球化的理论基础、满足欲望,自我选择——西方的“生活方式”女性主义等。 | |
| 461 | 0 | @12001 @a文化理论丛书 |
| 517 | 1 | @a女性主义批判@9nu^ xing zhu yi pi pan |
| 606 | 0 | @a女权运动@x研究 |
| 606 | 0 | @a女权运动 |
| 690 | @aD440@v4 | |
| 701 | 0 | @a王丽华@9wang li hua@4主编 |
| 801 | 0 | @aCN@bRENTIAN@c20091207 |
| 905 | @b20795213-17@dD440@e22@f5 | |
| 全球化语境中的异音:女性主义批判/王丽华主编.-北京:北京大学出版社,2008.03 |
| 11,194页:图;23cm.-(文化理论丛书) |
| ISBN 978-7-301-13484-9:CNY26.00 |
| 这是第一本在中国出版的由海内外华人女性主义学者对全球化语境发出强大“异音”的著作。主要内容包括:发展与帝国——女性主义后发展对全球化理论的定论、新自由主义——美国经济全球化的理论基础、满足欲望,自我选择——西方的“生活方式”女性主义等。 |
| ● |
| 相关链接 |
|
|
|
|
正题名:全球化语境中的异音
索取号:D440/22
 
预约/预借
| 序号 | 登录号 | 条形码 | 馆藏地/架位号 | 状态 | 备注 |
| 1 | 795213 | 207952134 | 第一样本阅览室/ [索取号:D440/22] | 在馆 | |
| 2 | 795214 | 207952143 | 第一借阅区/ [索取号:D440/22] | 在馆 | |
| 3 | 795215 | 207952152 | 第一借阅区/ [索取号:D440/22] | 在馆 | |
| 4 | 795216 | 207952161 | 第一借阅区/ [索取号:D440/22] | 在馆 | |
| 5 | 795217 | 207952170 | 第一借阅区/ [索取号:D440/22] | 在馆 |